ARRUPE JESUIT UNIVERSITY

CORONAVIRUS -STOP THE SPREAD - CLEAN,DISINFECT,COVER

Polish logic, 1920-1939 (Record no. 125191)

MARC details
000 -LEADER
fixed length control field 00974cam a2200301 4500
001 - CONTROL NUMBER
control field 866978
003 - CONTROL NUMBER IDENTIFIER
control field ARRUPE
005 - DATE AND TIME OF LATEST TRANSACTION
control field 20160909104545.0
008 - FIXED-LENGTH DATA ELEMENTS--GENERAL INFORMATION
fixed length control field 721212s1967 enk b 000 0 eng
010 ## - LIBRARY OF CONGRESS CONTROL NUMBER
LC control number 67106639
015 ## - NATIONAL BIBLIOGRAPHY NUMBER
National bibliography number B67-17160
035 ## - SYSTEM CONTROL NUMBER
System control number (OCoLC)ocm00512834
035 ## - SYSTEM CONTROL NUMBER
System control number (NNC)866978
040 ## - CATALOGING SOURCE
Original cataloging agency DLC
Transcribing agency WAL
Modifying agency SER
-- m/c
-- ZCU
041 1# - LANGUAGE CODE
Language code of text/sound track or separate title eng
Language code of original and/or intermediate translations of text pol
050 0# - LIBRARY OF CONGRESS CALL NUMBER
Classification number BC135
Item number .M18
082 ## - DEWEY DECIMAL CLASSIFICATION NUMBER
Classification number 164
300 ## - PHYSICAL DESCRIPTION
Dimensions 23 cm.
100 1# - MAIN ENTRY--PERSONAL NAME
Personal name McCall, Storrs,
Relator term compiler.
9 (RLIN) 25611
245 10 - TITLE STATEMENT
Title Polish logic, 1920-1939
Statement of responsibility, etc papers by Ajdukiewicz [and others]; with an introduction by Tadeusz KotarbiƄski, edited by Storrs McCall, translated by B. Gruchman [and others]
260 ## - PUBLICATION, DISTRIBUTION, ETC. (IMPRINT)
Place of publication, distribution, etc Oxford,
Name of publisher, distributor, etc Clarendon P.,
Date of publication, distribution, etc 1967.
300 ## - PHYSICAL DESCRIPTION
Extent [2] viii, 406 p.
504 ## - BIBLIOGRAPHY, ETC. NOTE
Bibliography, etc Bibliography: p. [398]-406.
650 #0 - SUBJECT ADDED ENTRY--TOPICAL TERM
Topical term or geographic name as entry element Logic, Symbolic and mathematical.
9 (RLIN) 25612
650 #0 - SUBJECT ADDED ENTRY--TOPICAL TERM
Topical term or geographic name as entry element Logicians
Geographic subdivision Poland.
9 (RLIN) 25613
700 1# - ADDED ENTRY--PERSONAL NAME
Personal name Ajdukiewicz, Kazimierz.
9 (RLIN) 25614
942 ## - ADDED ENTRY ELEMENTS (KOHA)
Source of classification or shelving scheme Library of Congress Classification
Koha item type Monograph ( Printed materials)
Holdings
Withdrawn status Lost status Source of classification or shelving scheme Damaged status Not for loan Home library Current library Date acquired Total Checkouts Full call number Barcode Date last seen Price effective from Koha item type
    Library of Congress Classification     ARRUPE LIBRARY ARRUPE LIBRARY 09/09/2016   BC135 .M18 46004004689 09/09/2016 09/09/2016 Monograph ( Printed materials)

 

Arrupe Library. PO Box MP320 Mt Pleasant, Harare, Zimbabwe
263 242 745411|librarian@aju.ac.zw